000 00693nam a2200289Ia 4500
005 20260324121214.0
008 008 260324s9999 xx 000 0 eng d
020 _a9781315880440
037 _aEBOOK
040 _aCRL
040 _beng
040 _cCRL
041 _2eng
041 _aeng
084 _qCRL
100 _aSue Howarth; Linda Scott
_91161607
245 0 _aSuccess with STEM
245 0 _bIdeas for the classroom, STEM clubs and beyond
260 _bTaylor and Francis
260 _c2014
365 _a
365 _b280
856 _uhttp://www.taylorfrancis.com/books/9781315880440
942 _cEBOOK
999 _c1753560
_d1753560